Мир Звонка: [романы]; пер. с яп.

Библиографические подробности
Главный автор: Судзуки К. Кодзи
Примечания:Истории злой мести «Звонок», возникшей вокруг проклятой видеокассеты и породившей оккультную королеву Садако, наследует роман «Спираль», находящий рациональное объяснение ее сверхъестественности. «Петля» перемещает воображаемую реальность в философскую область. И «Рождение» приводит к логическому завершению истории.
Язык:русский
Опубликовано: СПб., Амфора, 2006
Серии:Амфора-классика
Предметы:
Формат: Книга
Запись в KOHA:https://koha.lib.tpu.ru/cgi-bin/koha/opac-detail.pl?biblionumber=110741

MARC

LEADER 00000nam0a2200000 4500
001 110741
005 20231031120550.0
010 |a 5367002099 
035 |a (RuTPU)RU\TPU\book\119599 
090 |a 110741 
100 |a 20070301d2006 m y0rusy50 ca 
101 1 |a rus  |c jap 
102 |a RU 
105 |a y z 000ay 
200 1 |a Мир Звонка  |e [романы]  |e пер. с яп.  |f К. Судзуки 
210 |a СПб.  |c Амфора  |d 2006 
215 |a 895 с. 
225 1 |a Амфора-классика 
330 |a Истории злой мести «Звонок», возникшей вокруг проклятой видеокассеты и породившей оккультную королеву Садако, наследует роман «Спираль», находящий рациональное объяснение ее сверхъестественности. «Петля» перемещает воображаемую реальность в философскую область. И «Рождение» приводит к логическому завершению истории. 
610 1 |a японская литература 
610 1 |a романы 
610 1 |a мистика 
675 |a 895.6  |v 3 
700 1 |a Судзуки  |b К.  |g Кодзи 
801 1 |a RU  |b 63413507  |c 20070301  |g PSBO 
801 2 |a RU  |b 63413507  |c 20070913  |g PSBO 
942 |c BK 
959 |a 25/20070301  |d 1  |e 267,96  |f ХФ:1